| 000 | 00532nam a2200181Ia 4500 | ||
|---|---|---|---|
| 008 | 090124s9999 xx 000 0 und d | ||
| 082 | _b3748 | ||
| 100 | _aकाणेकर अनंत | ||
| 245 | _a झुंज | ||
| 250 | _a0 | ||
| 260 |
_bग. पां. परचुरे प्रकाशन मंदिर मुंबई _c1954 |
||
| 300 | _a93 | ||
| 600 | _aकाणेकर अनंत | ||
| 630 | _a झुंज | ||
| 700 | _aकाणेकर अनंत | ||
| 730 | _a झुंज | ||
| 942 | _cBOOK | ||
| 999 |
_c83381 _d83381 |
||